Countries of the World F1 Edition - Statistics

General Stats
  • This quiz has been taken 177 times
  • The average score is 32 of 35
Answers on the Map
Answers color-coded by a green-red scale on the quiz's map according to % correct below.
 
Answer Stats
Country % Correct
Mexico
98%
United States
98%
Brazil
97%
Australia
96%
Canada
96%
United Kingdom
96%
Argentina
95%
China
95%
France
95%
Russia
95%
Belgium
94%
Germany
94%
Italy
94%
Japan
94%
Portugal
93%
Saudi Arabia
93%
Spain
93%
South Africa
92%
Austria
91%
India
91%
Netherlands
90%
Hungary
88%
Monaco
88%
Qatar
88%
Sweden
88%
Turkey
88%
Bahrain
87%
Morocco
86%
United Arab Emirates
86%
South Korea
84%
Switzerland
84%
Malaysia
83%
Singapore
81%
Azerbaijan
80%
San Marino
66%
No matching quizzes found
Score Distribution
Percent of People with Each Score
Percentile by Number Answered
Your Score History
You have not taken this quiz